| 000 | 00379pab a2200157 454500 | ||
|---|---|---|---|
| 008 | 180718b2011 xxu||||| |||| 00| 0 eng d | ||
| 100 | _aIqbal, Badar Alam | ||
| 245 | _aWorld food inflation: Persisting trends and issue | ||
| 260 | _c2011 | ||
| 300 | _ap.937-940. | ||
| 362 | _aOct | ||
| 650 | _aInflation | ||
| 773 | _aManagement Accountant | ||
| 908 | _aN | ||
| 909 | _a93882 | ||
| 999 |
_c93882 _d93882 |
||